You and all your house: (Record no. 14729)

000 -LEADER
fixed length control field 00620nam a2200193 a 4500
001 - CONTROL NUMBER
control field :::00012563$&:&@@
003 - CONTROL NUMBER IDENTIFIER
control field OkBaRHE
005 - DATE AND TIME OF LATEST TRANSACTION
control field 20000607103420.0
008 - FIXED-LENGTH DATA ELEMENTS--GENERAL INFORMATION
fixed length control field s1998 j 000 0 eng u
040 ## - CATALOGING SOURCE
Transcribing agency
100 1# - MAIN ENTRY--PERSONAL NAME
Personal name McCallum, Brian.
245 10 - TITLE STATEMENT
Title You and all your house:
Remainder of title how to believe and receive what God has provided.
260 ## - PUBLICATION, DISTRIBUTION, ETC. (IMPRINT)
Place of publication, distribution, etc Broken Arrow, OK., :
Name of publisher, distributor, etc Brian McCallum Ministries
Date of publication, distribution, etc c1998
300 ## - PHYSICAL DESCRIPTION
Extent 55 p. ;
Dimensions 21 cm.
650 ## - SUBJECT ADDED ENTRY--TOPICAL TERM
Topical term or geographic name as entry element Faith
650 ## - SUBJECT ADDED ENTRY--TOPICAL TERM
Topical term or geographic name as entry element Prayers for Family
942 ## - ADDED ENTRY ELEMENTS (KOHA)
Source of classification or shelving scheme
Koha item type Books
Copies
Koha item type Date last seen Shelving location Withdrawn status Not for loan Permanent Location Barcode Price effective from Lost status Source of classification or shelving scheme Damaged status Full call number Copy number Date acquired
Books2010-04-14General Stacks  RHEMA Bible Training College125632010-04-14   HQ 769 .M33512010-04-14